| Tag |
First Indicator |
Second Indicator |
Subfields |
| LEADER |
00000cam a2200000 4500 |
| 001 |
in00000099494 |
| 005 |
20150926125620.0 |
| 008 |
800403s1954 lau s00000 eng d |
| 035 |
|
|
|a (OCoLC)06162724
|
| 035 |
|
|
|9 AAL3915AM
|
| 040 |
|
|
|a TXA
|c TXA
|d UtOrBLW
|
| 049 |
|
|
|a TXAM
|c [1145318]
|
| 090 |
|
|
|a TA7
|b .L6 no. 42
|
| 245 |
0 |
0 |
|a Evaluation of sugar cane varieties ;
|b a study of milling characteristics.
|
| 264 |
|
1 |
|a Baton Rouge :
|b Audubon Sugar Factory, Department of Chemical Engineering. Louisiana State University and Agricultural and Mechanical College,
|c 1954.
|
| 300 |
|
|
|a 28 pages
|
| 336 |
|
|
|a text
|b txt
|2 rdacontent
|
| 337 |
|
|
|a unmediated
|b n
|2 rdamedia
|
| 338 |
|
|
|a volume
|b nc
|2 rdacarrier
|
| 490 |
1 |
|
|a Engineering Experiment Station bulletin no. 42
|
| 505 |
0 |
|
|a Pt. 1. Summary of results--for seasons 1950-1951, by Francis C. Schaffer, E. R. Goodell, C. W. Stewart, and Arthur G. Keller.--Pt. 2. Summary of results--1952 by Douglas Harlan, Arthur Kunberger, and C. W. Stewart.
|
| 650 |
|
0 |
|a Sugarcane
|x Varieties.
|
| 830 |
|
0 |
|a Engineering research bulletin ;
|v no. 42.
|
| 999 |
|
|
|a MARS
|
| 999 |
f |
f |
|s efd88e42-2832-338c-ab71-b8b0f0417fc8
|i 4e82c273-ac60-3012-a29f-e94f8daae7e7
|t 0
|
| 952 |
f |
f |
|a Texas A&M University
|b College Station
|c Sterling C. Evans Library
|d Evans: Library Stacks
|t 0
|e TA7 .L6 no.42
|h Library of Congress classification
|
| 998 |
f |
f |
|a TA7 .L6 no.42
|t 0
|l Evans: Library Stacks
|